|
|
|
|
| LEADER |
00000cam a2200000 i 4500 |
| 001 |
1/68331 |
| 008 |
990129s1995 gr | ||| |||| ||gre|| |
| 020 |
|
|
|a 9607478150
|
| 035 |
|
|
|l 10047632
|
| 040 |
|
|
|a GR-MyUa
|b gre
|e AACR2
|
| 041 |
1 |
|
|a gre
|h ita
|
| 082 |
7 |
|
|a 320.5
|2 (22)
|
| 100 |
1 |
|
|a Bobbio, Norberto,
|d 1909-2004.
|
| 245 |
1 |
0 |
|a Δεξιά και αριστερά :
|b σημασία και αίτια μίας πολιτικής διάκρισης /
|c Νορμπέρτο Μπόμπιο ; μετάφραση: Ελεονώρα Ανδρεδάκη.
|
| 260 |
|
|
|a Αθήνα :
|b Πόλις,
|c 1995.
|
| 300 |
|
|
|a 241 σ. ;
|c 22 εκ.
|
| 500 |
|
|
|a Τίτλος πρωτοτύπου: Destra e sinistra:Ragioni e significati di una distinzione politica.
|
| 500 |
|
|
|a Ποικίλες ανατυπώσεις.
|
| 504 |
|
|
|a Βιβλιογραφία: σ.201-239.
|
| 650 |
|
0 |
|a Right and left (Political science)
|
| 650 |
|
0 |
|a Political sociology.
|
| 650 |
|
0 |
|a Political science
|x Philosophy.
|
| 700 |
1 |
|
|a Ανδρεδάκη, Ελεονώρα,
|e trlf
|
| 852 |
|
|
|a INST
|b RHODES
|e 19990129
|h 320.5 BOB
|p 005400005570
|q 005400005570
|t BK
|y 0
|
| 901 |
|
|
|a BIBL-1999-1
|
| 922 |
|
|
|a 4ΕΛΗ
|b 199806
|c ΚΠΣ/ΔΕ
|d EMVASIS
|